Unstoppable Global Warming : Every 1,500 Years /
Gardado en:
| Autor Principal: | |
|---|---|
| Outros autores: | |
| Formato: | Libro |
| Idioma: | inglés |
| Publicado: |
Lanham, EUA :
Rowman and Littlefield,
2007, c2007
|
| Temas: | |
| Etiquetas: |
Sen Etiquetas, Sexa o primeiro en etiquetar este rexistro!
|
MARC
| LEADER | 00000nam^a2200000^a^4500 | ||
|---|---|---|---|
| 001 | 000271254 | ||
| 005 | 20250521000000.0 | ||
| 009 | 20260310111022.828 | ||
| 020 | |a 978-0-7425-5124-4 | ||
| 020 | |a 0-7425-5124-5 | ||
| 037 | |a Acervo ITESO - Biblioteca | ||
| 041 | |a ING | ||
| 082 | |a 551. 6 |b SIN | ||
| 100 | |a Singer, S. Fred |e (autor) | ||
| 245 | 1 | 0 | |a Unstoppable Global Warming : |b Every 1,500 Years / |c S.F. Singer, D.T. Avery ; pról. de Joseph L. Bast. |
| 264 | 4 | |a Lanham, EUA : |b Rowman and Littlefield, |c 2007, c2007 | |
| 300 | |a XV, 260 p. | ||
| 336 | |a texto |b txt |2 rdacontenido | ||
| 337 | |a sin mediación |b n |2 rdamedio | ||
| 338 | |a volumen |b nc |2 rdasoporte | ||
| 649 | |a XX | ||
| 650 | |a Efecto Invernadero - |x Tema Principal | ||
| 650 | |a Temperatura Atmosférica | ||
| 650 | |a Radiación Solar | ||
| 650 | |a Cambio Climático - |x Tema Principal | ||
| 650 | |a Climatología | ||
| 650 | |a Ecología | ||
| 700 | |a Avery, Dennis T. |e (autor) | ||
| 910 | |a Fondo General | ||
| 920 | |a Impresos - Libros | ||
| 930 | |a Colección General | ||
| 905 | |a 101 | ||
| 901 | |a 0500156973 |b IT1 |c ACC |u 20250521 | ||
| 902 | |a https://opac.biblio.iteso.mx/vufind/Record/000271254 | ||